000 00644nam a2200217 i 4500
001 128505
003 ES-MaACL
005 20230906193313.0
007 t|
008 070516s1973 sp ||||1| spa d
080 _a82-3.08(04)
100 1 _aTacca, Oscar Ernesto.
_9109046
245 1 4 _aLas voces de la novela /
_cOscar Tacca.
260 _aMadrid :
_bGredos,
_c[1973]
300 _a205 p. ;
_c21 cm.
490 1 _aBiblioteca románica hispánica ;
_v194
650 4 _aNovela-
_xTeoría y técnica.
_915606
830 0 _aBiblioteca románica hispánica ;
_v194
_9180746
852 _aES-MaACL
_jC-55271
_bR.87965
999 _c128505
_d128505